Finančná analýza účtovnej závierky vybraného podnikateľského subjektu z účtovného a daňového hľadiska diplomová práca

Saved in:
Bibliographic Details
Main Author: Nagyová, Lenka
Corporate Author: Národohospodárska fakulta EU. Katedra financií
Other Authors: Staríčková, Zuzana
Format: Book
Language:Slovak
Published: Bratislava 2015
Tags: Add Tag
No Tags, Be the first to tag this record!

MARC

LEADER 00000nbm a2200000 4500
001 0207988
005 20161031145725.7
041 0 |a slo 
044 |a SK 
245 1 0 |a Finančná analýza účtovnej závierky vybraného podnikateľského subjektu z účtovného a daňového hľadiska  |b diplomová práca  |c Lenka Nagyová ; školiteľ: Zuzana Staríčková 
264 1 |a Bratislava  |c 2015 
300 |a 63 s. 
100 1 |a Nagyová, Lenka 
700 1 |a Staríčková, Zuzana 
710 2 |a Národohospodárska fakulta EU. Katedra financií